000 00507ntaaa2200181 4500
003 01
005 20251027202423.0
008 0714s1973 ag 01
040 _aAR-BaBN
_bspa
_cAR-BaBN
_eaacr
_dRIC
082 _a289.5000 Ed2
100 _aEddy, Mary Baker
245 _aCiencia y salud con clave de las escrituras
250 _a1 ed.
260 _aBoston :
_bAdministración Fideicomisaría según testamento de Mary Baker G Eddy,
_c1947
300 _a689 p
650 _aciencia cristiana
942 _cBK
999 _c19147
_d19147